Histoire du drapeau de la France - Statistiques

Statistiques générales
  • Ce quiz a été pris 551 fois
    161 depuis la dernière actualisation
  • Le résultat moyen est 8 sur 13
Statistiques - réponses
Hint Réponse % Correct
Occupation italienne de la France (1940-1944)
87%
Empire romain (-50 - 476)
85%
Occupation allemande de la France (1940-1944)
81%
France libre (1940-1944)
76%
Deuxième drapeau de la Cinquième République (1974-2020)
69%
Premier drapeau du Royaume de France (987-1700)
65%
Francie occidentale (843-987)
63%
Deuxième drapeau du Royaume de France (1700-1790)
62%
Première République (1792-1804), Premier Empire (1804-1814), Cent-Jours (1815), Monarchie de Juillet (1830-1848), deuxième drapeau de la Deuxième République (1848-1852), Second Empire (1852-1870), Troisième République (1870-1940), Régime de Vichy (1940-1944), Gouvernement provisoire de la République Française (1944-1946), Quatrième République (1946-1958), premier drapeau de la Cinquième République (1958-1974) et troisième drapeau de la Cinquième République (drapeau actuel depuis 2020)
60%
Premier drapeau de la deuxième République (1848)
45%
Première Restauration (1814-1815) et Seconde Restauration (1815-1830)
38%
Royaume francs (481-843)
36%
Monarchie constitutionnelle (1790-1792)
34%
Aucun quiz correspondant
Distribution des résultats
% des personnes avec chaque résultat
Percentile par nombre de réponses
Votre historique - résultats
Vous n’avez pas pris ce quiz depuis la dernière actualisation